Statistiques concernant Harry Potter: les Bourses en Peau de Moke

Cliquez ici pour prendre le quiz!

Statistiques générales

  • Ce quiz a été pris 16 fois
  • Le résultat moyen est 5 sur 12

Statistiques - réponses

InformationRéponses% Correct
Propriétaire connu
Harry Potter
85%
Première apparitionHarry Potter et les Reliques de la Mort
62%
Dernière apparitionHarry Potter et les Reliques de la Mort
62%
Matériau utiliséPeau de Moke
62%
Personne qui lui a offertRubeus Hagrid
54%
Objet contenuBaguette cassée
46%
Objet contenuMiroir à double sens
46%
Objet contenuVif d'or
38%
Objet contenuCarte du Maraudeur
31%
Objet contenuFaux médaillon de RAB
15%
Objet contenuLettre de Lily
15%
Propriétaire connuRufus Scrimgeour
8%

Distribution des résultats

Percentile par nombre de réponses

% des personnes avec chaque résultat

Votre développement - résultats

Vous n’avez pas pris ce quiz